A Execuȯ́ no Cd̤igo de Processo Civil e na Legislaȯ́ Conexa

Bibliographic Details
Main Author: Leitó, Helder Martins
Format: Unknown
Language:English
Published: Portugal : Almeida & Leitó, 2006
Subjects:
Online Access:Acceso restringido

MARC

LEADER 00000ny a22000003n 4500
005 20110622143212.0
008 091223s2006 po 000 0 eng d
020 |a 9789727491247 
035 |a 1864 
040 |a BUS  |d vLex 
090 |c 1017  |d 1017 
100 1 |a Leitó, Helder Martins 
245 1 2 |a A Execuȯ́ no Cd̤igo de Processo Civil e na Legislaȯ́ Conexa  |h [Recurso electrn̤ico]  |c Helder Martins Leitó  
256 |a Servicio en ln̕ea 
260 |a Portugal :  |b Almeida & Leitó,  |c 2006 
506 1 |a Contenido solo disponible en los productos indicados  |d vLex Global  |d vLex Global (Academic Edition, excluding Law Schools)  |d vLex Global (U.S. Academic Edition, Law Schools)  |d vLex Global (U.S. Academic Edition, excluding Law Schools)  |d vLex Global (Academic Edition, Law Schools) 
650 0 4 |a Derecho civil 
650 0 4 |a Procedimiento de ejecucin̤  |z Portugal 
740 0 |a vLex Libros (Servicios en ln̕ea) 
856 4 0 |u http://vlex.com/source/1864  |z Acceso restringido 
942 |c BOOK